000 00269nam a2200121Ia 4500
008 190216s9999||||xx |||||||||||||| ||und||
100 _aGovindan M
245 0 _aThudarkani
260 _bSarada Book Depot
_c1976
300 _a119p
650 _aKavithakal
942 _cBK
999 _c26322
_d26322